[Event "Steyr Landesliga 1718"]
[Site "Austria"]
[Date "2018.03.10"]
[Round "9.6"]
[White "Almer, Gerald"]
[Black "Kremshofer, Walter"]
[Result "1-0"]
[WhiteElo "2124"]
[BlackElo "2023"]
[PlyCount "65"]
[EventDate "2017.09.30"]
[EventType "team-tourn"]
[EventRounds "11"]
[EventCountry "AUT"]
[SourceTitle "EXT 2019"]
[Source "ChessBase"]
[SourceDate "2018.10.10"]
[SourceVersion "1"]
[SourceVersionDate "2018.10.10"]
[SourceQuality "1"]
[WhiteTeam "Feldbach Kirchberg"]
[BlackTeam "Soechau"]
[WhiteTeamCountry "AUT"]
[BlackTeamCountry "AUT"]

1. d4 d5 2. g3 Nf6 3. Bg2 c5 4. Nf3 e6 5. 0-0 Nc6 6. c4 cxd4 7. Nxd4 Bc5 8. Nb3 Bb6 9. cxd5 Nxd5 10. Na3 0-0 11. Nc4 Bc7 12. Re1 Qe7 13. Bd2 Rd8 14. Qc2 a5 15. a3 e5 16. Ne3 Be6 17. Nc5 Nd4 18. Qc1 Bb6 19. Nxe6 fxe6 20. Nxd5 exd5 21. Qd1 Rac8 22. Bc3 Qf7 23. e3 Nc6 24. Qb3 Ba7 25. Qb5 d4 26. Bd2 dxe3 27. Bxe3 Bxe3 28. Rxe3 Nd4 29. Qxe5 Nc2 30. Rf3 Nxa1 31. Rxf7 Rd1+ 32. Bf1 Kxf7 33. Qf5+ 1-0